000 00237nam a22000857a 4500
008 160706b xxu||||| |||| 00| 0 eng d
100 _92344
_a Sain, P, B
245 _aRemembering: Our Leaders
260 _aNew Delhi
_b National Book Trust
_c1996
999 _c2021
_d2021